=LDR 00000nam 2200000 4500 =001 INLIS000000000031513 =005 20251218092042 =035 ##$$a 0010-061300000031513 =008 251218################a##########0#ind## =041 ##$$a ind =082 ##$$a 028.55 =090 ##$$a 028.55, Nat, f =100 ##$$a NATA,Koko =245 1#$$a Foxi, , Rubah ekor perak /$c Koko Nata;Editor,Abdurarrahman =260 ##$$a Jakarta :$b Bestari Kids =300 ##$$a 31 hlm : $b ilus. ; $c 21 cm =650 #4$$a BACAAN KANAK-KANAK =700 #$$a ABDURRAHMAN =850 ##$$a NBPNMAT =084 ##$$a 028.55 NAT f =020 ##$$a 978-979-063-011-6 =990 ##$$a 20903880 =990 ##$$a 07980798 =990 ##$$a 20903878 =990 ##$$a 20903880